000 00862nam a2200229 i 4500
001 100929
003 ES-MaACL
005 20251009144900.0
007 t|
008 051006s1935 fr ||||1| fre d
100 1 _aMatsuo, Kuni.
_979102
245 1 0 _aHistoire de la littérature japonaise des temps archaïques a 1935 /
_cpar Kuni Natsuo; en collaboration avec Ryuko Kawaij et Alfred Smoular; préfaces et introductions de Anatole de Monzie Steiniber-Oberlin et Yoné Noguchi.
260 _aParis :
_bSociété Françoise d'Editions,
_c1935.
300 _a210 p. ;
_c19 cm.
700 1 _aKawji, Ryuko.
_967670
700 1 _aSmoular, Alfred.
_9106945
700 1 _aMonzie, Anatole de,
_d1876-1947
_982767
700 1 _aSteiniber-Oberlin.
_9108067
700 1 _aNoguchi, Yoné.
_985854
852 _aES-MaACL
_jB-8691
_bR.89509
999 _c100929
_d100929